Cuentos
Saved in:
| Main Author: | |
|---|---|
| Format: | Book |
| Language: | Spanish |
| Published: |
Barcelona
Seix Barral
1973
|
| Edition: | 2a. ed |
| Series: | Nueva Narrativa Hispánica
|
| Subjects: | |
| Tags: |
Add Tag
No Tags, Be the first to tag this record!
|
MARC
| LEADER | 00000nam a2200000 a 4500 | ||
|---|---|---|---|
| 001 | UCQ4730 | ||
| 003 | CL-VaPUC | ||
| 008 | 980910e19730000SP |||||||||||||||||spa|d | ||
| 082 | 0 | 4 | |a Ch863 |b DON |2 21 |
| 100 | 0 | |a Donoso, José |e author |9 313758 | |
| 245 | 1 | 0 | |a Cuentos |
| 250 | |a 2a. ed | ||
| 300 | |a 284 p | ||
| 942 | |c BK | ||
| 945 | |d 19980910 00:00:00 |a lriquelm | ||
| 260 | |a Barcelona |b Seix Barral |c 1973 | ||
| 650 | 0 | |a Cuentos chilenos |9 308280 | |
| 650 | 0 | |a Novelas chilenas |9 265425 | |
| 583 | |a last modification |c 19980910 00:00:00 |k Rodrigo Vera | ||
| 490 | 0 | |a Nueva Narrativa Hispánica | |
| 999 | |c 275033 |d 275031 | ||
| 952 | |0 0 |1 0 |4 0 |6 CH_863_000000000000000_DON_1973 |7 0 |8 A |9 311552 |a BIBEDU |b BIBEDU |d 2019-11-20 |i 3233782 |o Ch863 DON 1973 |p 3233782 |r 2019-11-20 |w 2019-11-20 |y BK |k LIT | ||